Search the Library Catalogue
| 000 -LEADER | |
|---|---|
| fixed length control field | 01094cam a2200301 a 4500 |
| 001 - CONTROL NUMBER | |
| control field | 15354010 |
| 003 - CONTROL NUMBER IDENTIFIER | |
| control field | OStA |
| 005 - DATE AND TIME OF LATEST TRANSACTION | |
| control field | 20250604155716.0 |
| 008 - FIXED-LENGTH DATA ELEMENTS--GENERAL INFORMATION | |
| fixed length control field | 080703s2009 nyua 001 0 eng |
| 010 ## - LIBRARY OF CONGRESS CONTROL NUMBER | |
| LC control number | 2008029226 |
| 020 ## - INTERNATIONAL STANDARD BOOK NUMBER | |
| International Standard Book Number | 9780071605267 (alk. paper) |
| International Standard Book Number | 0071605266 (alk. paper) |
| 040 ## - CATALOGING SOURCE | |
| Original cataloging agency | DLC |
| Transcribing agency | DLC |
| Modifying agency | DLC |
| 082 00 - DEWEY DECIMAL CLASSIFICATION NUMBER | |
| Classification number | 333.3068 KEL |
| Edition number | 22 |
| 100 1# - MAIN ENTRY--PERSONAL NAME | |
| Personal name | Keller, Gary, |
| Dates associated with a name | 1957- |
| 245 10 - TITLE STATEMENT | |
| Title | Shift : |
| Remainder of title | how top real estate agents tackle tough times / |
| Statement of responsibility, etc. | by Gary Keller with Dave Jenks and Jay Papasan. |
| 260 ## - PUBLICATION, DISTRIBUTION, ETC. | |
| Place of publication, distribution, etc. | New York : |
| Name of publisher, distributor, etc. | McGraw-Hill, |
| Date of publication, distribution, etc. | c2009. |
| 300 ## - PHYSICAL DESCRIPTION | |
| Extent | xxiii, 295 p. : |
| Other physical details | ill. ; |
| Dimensions | 23 cm. |
| 500 ## - GENERAL NOTE | |
| General note | Includes index. |
| 650 #0 - SUBJECT ADDED ENTRY--TOPICAL TERM | |
| Topical term or geographic name entry element | Real estate business. |
| Topical term or geographic name entry element | Real estate investment. |
| 700 1# - ADDED ENTRY--PERSONAL NAME | |
| Personal name | Jenks, Dave. |
| Personal name | Papasan, Jay. |
| 856 41 - ELECTRONIC LOCATION AND ACCESS | |
| Materials specified | Table of contents only |
| Uniform Resource Identifier | <a href="http://www.loc.gov/catdir/toc/ecip0822/2008029226.html">http://www.loc.gov/catdir/toc/ecip0822/2008029226.html</a> |
| 906 ## - LOCAL DATA ELEMENT F, LDF (RLIN) | |
| a | 7 |
| b | cbc |
| c | orignew |
| d | 1 |
| e | ecip |
| f | 20 |
| g | y-gencatlg |
| 942 ## - ADDED ENTRY ELEMENTS (KOHA) | |
| Source of classification or shelving scheme | Dewey Decimal Classification |
| Koha item type | English Books |
| Withdrawn status | Lost status | Source of classification or shelving scheme | Damaged status | Not for loan | Home library | Current library | Shelving location | Date acquired | Total Checkouts | Full call number | Barcode | Date last seen | Date last checked out | Price effective from | Koha item type |
|---|---|---|---|---|---|---|---|---|---|---|---|---|---|---|---|
| Dewey Decimal Classification | Anna Centenary Library | Anna Centenary Library | 4TH FLOOR, A WING | 10.12.2010 | 1 | 333.3068 KEL | 405678 | 08.06.2025 | 04.06.2025 | 04.06.2025 | English Books |